000 00573nam a2200241Ia 4500
005 20260320201217.0
008 008 262003s9999 xx 000 0 eng d
037 _aEBOOK
040 _aCRL
040 _beng
040 _cCRL
041 _2eng
041 _aeng
084 _qCRL
100 _aBuhagiar
_91134490
245 0 _aCCNA Certification Practice Tests: Exam 200-301
260 _bIEEE
260 _c2020
856 _uhttps://ieeexplore.ieee.org/servlet/opac?bknumber=10495381
942 _cEBOOK
999 _c1719706
_d1719706